| 000 | 00674nam a2200241Ia 4500 | ||
|---|---|---|---|
| 003 | OSt | ||
| 005 | 20220918163939.0 | ||
| 006 | a|||||r|||| 00| 0 | ||
| 007 | ta | ||
| 008 | 220917b |||||||| |||| 00| 0 eng d | ||
| 020 | _a0333920198 (hbk) | ||
| 024 | _a172,483 | ||
| 037 | _cTextual | ||
| 040 |
_aARTS _cARTS _beng |
||
| 041 |
_2eng _aeng |
||
| 082 | _aD65,8(B):71, P1 (2D) (SC) | ||
| 245 | 0 | _aAccess denied in the information age edited by Stephen Lax | |
| 260 |
_aNew York _bPalgrave _c2001 |
||
| 300 |
_axiii, 239p. _ccm. |
||
| 650 |
_aENGINEERING _92968 |
||
| 942 |
_hD65,8(B):71, P1 (2D) (SC) _cTEXL _2CC |
||
| 999 |
_c122251 _d122251 |
||